Кров кажана (Запис № 17660)

000 -Маркер запису
Контрольне поле сталої довжини 01539nam a22002657a 4500
003 - Належність контрольного номера
Контрольне поле Uzh_bibl
008 - Кодовані дані
Контрольне поле сталої довжини 260507b |||||||| |||| 00| 0 ukr d
020 ## - Індекс ISBN
ISBN 978-966-14-4815-4
Ціна 32.00
040 ## - Джерело каталогіз.
Код мови каталог. укр.
041 ## - Код мови видання
Код мови оригіналу українська
Код мови тексту українська
080 ## - Індекс УДК
Індекс УДК 821(477)
090 ## - Шифри
Поличний індекс 821(477)
Авторський знак Ш 66
100 ## - Автор
Автор Шкляр, Василь
245 ## - Назва
Назва Кров кажана
Фізичний носій Текст
260 ## - Вихідні дані
Місце видання Харків
Видавництво Книжковий Клуб "Клуб Сімейного Дозвілля"
Дата видання 2013
300 ## - Фізичний опис
Обсяг 272 с.
Тип одиниці В опр.
490 ## - Серія
№ тому 2-ге вид.
520 ## - Анотація
Анотація Таємнича містика, відверта еротика, божевільна кримінальна історія…<br/><br/>Анастасія ніколи не була вірна своєму чоловіку, а невдовзі після його загадкової смерті отримала приголомшливу звістку: її призначення — народити для світу диявола. Жінка мало не збожеволіла, та її коханець, отець Серафим, обіцяє не допустити до гріха. Але здається, ніби він у змові з нечистою силою…
521 ## - Примітка про цільове призначення
Примітка про цільове призначення Для широкого кола читачів
546 ## - Примітка про мову
Примітка про мову укр.
650 ## - Тематичні рубрики
Основна рубрика Літературно-художнє видання
653 ## - Ключові слова
Ключові слова Таємниця
-- Містика
-- Еротика
655 ## - Термін індексування — жанр/форма
Жанр/форма Містика
Типове ділення Роман
942 ## - ADDED ENTRY ELEMENTS (KOHA)
Джерело класифікації чи схема поличного розташування
Koha item type Книги
Фонди
Статус вилучення Статус втрати/відсутності Джерело класифікації чи схема поличного розташування Статус пошкодження Тип обігу (не для випозичання) Постійне розташування Поточне розташування Розташування у відділі Дата надходження Інвентарний номер Total Checkouts Повний (примірниковий) шифр зберігання Штрих-код Date last seen Дата, для якої чинна ціна заміни Тип одиниці (рівень примірника)
          Бібліотека-філія №3 Бібліотека-філія №3 Абонемент старший відділ 07/05/2026 71637   821(477) 4247 07/05/2026 07/05/2026 Книги

Працює на АБІС Коха